Представление документа в формате RUSMARC

ПолеНазваниеЗначение
  Тип записи a
  Библиографический уровень m
001 Контрольный номер RU/SLIB/B/208755379
005 Дата корректировки 20201206204150.2
010 Индекс ISBN __
d Цена 2-12
101 Язык документа __
a Язык текста rus
c Язык оригинала rus
200 Заглавие и сведения об ответственности 0_
a Заглавие Великая государева крепость
f Первые сведения об ответственности Кирпичников А. Н., Хлопин И. Н.
b Общее обозначение материала Текст
210 Выходные данные __
a Место издания М.
c Издательство Художник РСФСР
d Дата издания 1972
215 Физическое описание __
a Объем 255 с.
c Иллюстрации/тип воспроизводства ил.
330 Аннотация __
a Аннотация История Кирилло-Белозерского монастыря, в прошлом-русской средневековой крепости. Для широкого круга.
601 Наименование организации как предмет __
a Наименование организации как предмет Кирилло-Белозерский монастырь
606 Тематические рубрики __
a Основная рубрика История
y Географическая подрубрика Россия; Вологодская область; Кириллов
606 Тематические рубрики __
a Основная рубрика История России в целом
610 Ключевые слова __
a Ключевые слова исторические памятники; монастыри; военные крепости; крепости; историческая литература
686 Индексы других классификаций __
a Классификационный индекс 63.3(2)л6
700 Автор __
a Фамилия Кирпичников
b Имя А. Н.
4 Код отношения 070
702 Вторичная интеллектуальная ответственность __
a Фамилия Хлопин
b Имя И. Н.
4 Код отношения Автор
801 Источник записи _0
a Страна RU
b Организация Муниципальное бюджетное учреждение культуры "Централизованная библиотечная система" г. Сургут (Центральная городская библиотека им. А. С. Пушкина)
g Правила каталогизации КиК/Котельникова
801 Источник записи _1
a Страна RU
b Организация Муниципальное бюджетное учреждение культуры "Централизованная библиотечная система" г. Сургут (Центральная городская библиотека им. А. С. Пушкина)
g Правила каталогизации КиК/Котельникова
852 Данные о местонахождении __
j Шифр хранения 63.3(2)л6
c Каталожный индекс 63.3(2)л6
i Авторский знак К 43
p Инвентарный номер 10250(с)
901 Тип документа __
t Тип документа m
903 Характеристики (МАРС) __
a Дата передачи 20040519
990 Данные о заказе (DOS) __
j Количество экземпляров (DOS) 1